Death-devoted heart : (Record no. 120069)
[ view plain ]
| 000 -LEADER | |
|---|---|
| fixed length control field | 01392cam a22002894a 4500 |
| 001 - CONTROL NUMBER | |
| control field | 13029173 |
| 003 - CONTROL NUMBER IDENTIFIER | |
| control field | ARRUPE |
| 005 - DATE AND TIME OF LATEST TRANSACTION | |
| control field | 20140217135700.0 |
| 008 - FIXED-LENGTH DATA ELEMENTS--GENERAL INFORMATION | |
| fixed length control field | 021212s2004 enk b 001 0 eng |
| 010 ## - LIBRARY OF CONGRESS CONTROL NUMBER | |
| LC control number | 2002155709 |
| 020 ## - INTERNATIONAL STANDARD BOOK NUMBER | |
| International Standard Book Number | 0195166914 (alk. paper) |
| 040 ## - CATALOGING SOURCE | |
| Original cataloging agency | DLC |
| Transcribing agency | DLC |
| Modifying agency | DLC |
| 042 ## - AUTHENTICATION CODE | |
| Authentication code | pcc |
| 050 00 - LIBRARY OF CONGRESS CALL NUMBER | |
| Classification number | ML410.W14 |
| Item number | S47 2003 |
| 300 ## - PHYSICAL DESCRIPTION | |
| Dimensions | 22 cm. |
| 100 1# - MAIN ENTRY--PERSONAL NAME | |
| Personal name | Scruton, Roger. |
| 9 (RLIN) | 8691 |
| 245 10 - TITLE STATEMENT | |
| Title | Death-devoted heart : |
| Remainder of title | sex and the sacred in Wagner's Tristan and Isolde / |
| Statement of responsibility, etc | Roger Scruton. |
| 260 ## - PUBLICATION, DISTRIBUTION, ETC. (IMPRINT) | |
| Place of publication, distribution, etc | Oxord ; |
| -- | New York : |
| Name of publisher, distributor, etc | Oxford University Press, |
| Date of publication, distribution, etc | 2004. |
| 300 ## - PHYSICAL DESCRIPTION | |
| Extent | vi, 238 p. ; |
| 504 ## - BIBLIOGRAPHY, ETC. NOTE | |
| Bibliography, etc | Includes bibliographical references (p. [225]-231) and index. |
| 505 0# - FORMATTED CONTENTS NOTE | |
| Formatted contents note | Wagner and religion -- The story of Tristan -- Wagner's treatment of the story -- The music of Tristan -- The philosophy of love -- Tragedy and sacrifice -- Love, death and redemption -- Epilogue : From romance to ritual. |
| 600 10 - SUBJECT ADDED ENTRY--PERSONAL NAME | |
| Personal name | Wagner, Richard, |
| Dates associated with a name | 1813-1883. |
| Title of a work | Tristan und Isolde. |
| 9 (RLIN) | 8692 |
| 856 42 - ELECTRONIC LOCATION AND ACCESS | |
| Materials specified | Publisher description |
| Uniform Resource Identifier | <a href="http://www.loc.gov/catdir/enhancements/fy0613/2002155709-d.html">http://www.loc.gov/catdir/enhancements/fy0613/2002155709-d.html</a> |
| 856 42 - ELECTRONIC LOCATION AND ACCESS | |
| Materials specified | Contributor biographical information |
| Uniform Resource Identifier | <a href="http://www.loc.gov/catdir/enhancements/fy0725/2002155709-b.html">http://www.loc.gov/catdir/enhancements/fy0725/2002155709-b.html</a> |
| 906 ## - LOCAL DATA ELEMENT F, LDF (RLIN) | |
| a | 7 |
| b | cbc |
| c | orignew |
| d | 1 |
| e | ecip |
| f | 20 |
| g | y-gencatlg |
| 942 ## - ADDED ENTRY ELEMENTS (KOHA) | |
| Source of classification or shelving scheme | Library of Congress Classification |
| Koha item type | Monograph ( Printed materials) |
| Withdrawn status | Lost status | Source of classification or shelving scheme | Damaged status | Not for loan | Home library | Current library | Shelving location | Date acquired | Total Checkouts | Full call number | Barcode | Date last seen | Date checked out | Price effective from | Koha item type |
|---|---|---|---|---|---|---|---|---|---|---|---|---|---|---|---|
| Library of Congress Classification | ARRUPE LIBRARY | ARRUPE LIBRARY | Main Collection | 17/02/2014 | 1 | ML410.W14 S47 2003 | 46500002292 | 03/07/2018 | 12/05/2017 | 17/02/2014 | Monograph ( Printed materials) |